00383cam a22001097a 4500008004000000082002900040100002500069245006300094260005200157300001100209440005300220180718bn.d. xxu||||| |||| 00| 0 eng d aA81x54 In2/71/9/PT10C/TR aCensus of India 1971 aKerala district census handbook, Trivandrum: census tables aTrivandrumbDirector of Census Operationscn.d. a180+p. aCensus of India 1971. Series-9, Kerala. Part X-C